000
00341nam a2200145Ia 4500
005
20251222151300.0
008
251222s9999||||xx |||||||||||||| ||spa||
020
_a
9788481035896
082
_a
863/H17
100
_a
Halma, Nazarín
245
0
_a
Benito Pérez Galdós:
250
_a
1ra. ed.
264
_b
Yolanda Arencibia
942
_c
LIB
999
_c
22941
_d
22941